| 000 | 00443nam a22001577a 4500 | ||
|---|---|---|---|
| 999 |
_c1778 _d1778 |
||
| 008 | 200203b ||||| |||| 00| 0 eng d | ||
| 082 | 0 | 0 |
_a621.19 _bW9471 |
| 100 |
_91389 _aWright, Arthur R. |
||
| 245 | 1 | 0 |
_aModern practice in steam condensing plants : A Practical Treatise _cby Arthur R Wright |
| 250 | _a1st | ||
| 260 |
_aLondon _bTechnical press _c1925 |
||
| 300 | _axv,309p. | ||
| 365 | _d17.03 | ||
| 650 | 0 | _aSteam Condensers | |
| 942 | _cBK | ||